000 00658nam a2200205Ia 4500
005 20260429112317.0
008 260429s9999||||xx |||||||||||||| ||und||
020 _a9789349557406
041 _aEnglish
082 _a954
_bJAC
100 _aJackson, A. V. Williams
245 0 _aHistory of India :
_bhistoric accounts of India by foreign travellers, classic, oriental, and occidental, Vol. 9 /
_cA. V. Williams Jackson
250 _a1st ed.
260 _aNew Delhi :
_bB.R. Publishing Corporation,
_c2024.
300 _axiv, 344 p.; hb
440 _vVol. 9
650 _a Foreign travellers
650 _aIndia-History-Travel accounts
942 _cTB
999 _c53426
_d53426